Torschützenliste der Fußball-Bundesliga 2011-2012 - Statistiken

Allgemein
  • Dieses Quiz wurde 93 mal gespielt
  • Das Durchschnittsergebnis liegt bei 9 aus 11
Antwortstatistiken
Tore Nationalität Verein Spieler % Korrekt
22 Polen Borussia Dortmund Robert Lewandowski
100%
13 Japan Borussia Dortmund Shinji Kagawa
95%
29 Niederlande FC Schalke 04 Klaas-Jan Huntelaar
94%
26 Deutschland FC Bayern München Mario Gómez
94%
15 Spanien FC Schalke 04 Raúl
94%
18 Peru Werder Bremen Claudio Pizarro
93%
16 Deutschland Bayer 04 Leverkusen Stefan Kießling
91%
18 Deutschland 1. FC Köln Lukas Podolski
86%
18 Deutschland Borussia Mönchengladbach Marco Reus
80%
13 Bosnien und Herzegowina VfB Stuttgart⁠1 Vedad Ibišević
68%
17 Österreich VfB Stuttgart Martin Harnik
54%
Keine übereinstimmenden Quizze gefunden
Verteilung der Resultate
Anzahl Personen mit jedem Resultat
Perzentil nach korrekt beantworteten Fragen
Ihre Resultats-Entwicklung
Sie haben dieses Quiz noch nicht gespielt